000 00531nam a2200193Ia 4500
999 _c36264
_d36264
001 2170
003 GE_BSU
005 20190527155602.0
008 181216s2007||||enk|||||||||||||| ||eng||
040 _cGE_BSU
080 _a811.111(075.8) C-94
100 _aCunningham, Sarah
_91654
245 _aCuttinc EDCE Intermediate /
_bStudents' Book.
264 _aEdinburgh,
_c2007.
300 _a175 p.;
_b28 cm.
653 _aინგლისური ენა
700 _aPeter, moor
_eავტორი
_91637
942 _cBK
_2udc